000
00283nam a22001337a 4500
008
181121b xxu||||| |||| 00| 0 eng d
020
_a
9780395900802
041
_a
eng
080
_2
6 TH
_a
330
100
_a
58
101
_a
BIS
245
_a
Business
_c
Kapoor.P
942
_2
udc
_c
BK
999
_c
52300
_d
52300